| 000 | 01541cab a2200253 4500 | ||
|---|---|---|---|
| 001 | ABS67423 | ||
| 008 | 040123n2004 000 0 eng u | ||
| 035 | _a(Sirsi) u124899 | ||
| 100 | _aTidd, P. | ||
| 245 | _aDevelopment opportunities around airports | ||
| 260 | _c2004 | ||
| 490 |
_aPlanning in London _v(48) January 2004, 27-29(3) |
||
| 520 | _aChanges in working practices and demand for flexible work spaces and working facilities offers development opportunities for airports and surrounding areas. Discusses the results of a two year research programme funded by the European Commission's Information Society Technologies Program undertaken by DEGW. The project Sane Accommodation in the New Economy (SANE) explored the effect that new technologies are having on working lives and working environments. SANE identifies a layer of different types of workplaces ranging from private (serviced offices, home working), privileged (clubs/airport lounges) and public (hotel lobbies/cafes). Airports with access to IT facilities such as the internet play an important role in the distributed workplace model for workers on the move. Figure I illustrates the SANE model. Forecasts airport capacity growth for leading airports including Heathrow and Gatwick. | ||
| 590 | _aABS | ||
| 650 | _aAIRPORTS | ||
| 650 | _aAIRPORT EXPANSION | ||
| 650 | _aWORKING PRACTICES | ||
| 650 | _aMOBILE WORKING | ||
| 650 | _aGLOBALISATION | ||
| 650 | _aHEATHROW | ||
| 650 | _aGATWICK | ||
| 690 | _aPROPERTY-PROPERTY DEVELOPMENT | ||
| 942 | _n0 | ||
| 999 |
_c74067 _d74067 |
||